MDQL
is popping MORE tags! Check the
thread
!
Quizzes
Events
Quiz Creation
Community
Videos
Private Events
Remove Ads
Sign In
Join for FREE
Feedback
Dark Mode
Quiz Categories
Sports
Geography
Music
Movies
Television
Just For Fun
Miscellaneous
History
Literature
Language
Science
Gaming
Entertainment
Religion
Holiday
For Kids
Quiz Lab
Recent
Popular Today
Quiz Kudos Today
Editor Picks
Curator Picks
Quizzes by...
Day
Popularity
Type
Ratings
Length
Year
Community
Subscriptions
Recent Discussions
Orange Saloon
Badges
Playlists
Quests
Create
Leaderboards
Showdown
Live 5
Trivia Bingo
Activity
Puzzle Library
Sporcle Events
Private Events
Virtual Trivia
Globe League
Become a Host
Pub Owners
SporcleCon
Opinionation
Our Games
Videos
Blog
Mobile Apps
Partnerships
Remove Ads and Go Orange
Feedback
Music
Pop Music
The Beatles
Song
Album
Lyrics
Bands
Singers
Artist
Clip
Rock
Rap
Classical
Billboard
Country Music
Kpop
Taylor Swift
Music
Pop Music
The Beatles
Song
Album
Lyrics
Bands
Singers
Artist
Clip
Rock
Rap
Classical
Billboard
Country Music
Kpop
Taylor Swift
Random Quiz
Search Sporcle
×
Quiz Lab
Quiz Lab
Music
Lyrics
Type in answers that appear in a list
Type in answers that appear in a list
Classic
Best Score? Go Orange.
'Hey Nineteen' Steely Dan Lyrics Stats
Can you name the 'Hey Nineteen' Steely Dan Lyrics?
By
pdbaird
10m
153 Questions
444 Plays
444 Plays
444 Plays
Comments
Comments
Give Quiz Kudos
Give Quiz Kudos
-
- Ratings
hide this ad
Replay
Link that replays current quiz
Next Quiz
Link to next quiz in quiz playlist
You Got
0%
They Got
Avg Score
80%
Avg Friend Score
Upgrade to see
Score Distribution
Jump to the score distribution portion of the page
Score
0/153
Timer
10:00
0
Plays Today
Answer
% Correct
the
99.5%
and
99.5%
the
99.5%
the
99.5%
the
99.5%
the
99.5%
the
99.5%
a
99.5%
the
99.5%
the
99.5%
a
99.5%
the
99.5%
the
99.5%
a
99.5%
a
99.5%
hey
98.9%
hey
98.9%
hey
98.9%
nineteen
98.6%
nineteen
98.6%
nineteen
98.6%
i
96.8%
i
96.8%
we
95%
we
95%
we
95%
we
95%
we
95%
we
95%
no
93.7%
no
93.7%
no
93.7%
no
93.7%
no
93.7%
to
93.5%
you
93.2%
you
93.2%
can't
92.8%
can't
92.8%
can't
92.8%
can't
92.8%
can't
92.8%
when
90.8%
when
90.8%
when
90.8%
in
89.9%
all
89.9%
in
89.9%
all
89.9%
all
89.9%
at
89.4%
Answer
% Correct
on
89.4%
at
89.4%
on
89.4%
at
89.4%
so
89.2%
of
88.3%
me
88.3%
of
88.3%
me
88.3%
talk
87.6%
talk
87.6%
talk
87.6%
she
87.2%
she
87.2%
don't
86.7%
down
86%
down
86%
down
86%
was
85.8%
dance
85.8%
that's
85.8%
dance
85.8%
franklin
85.4%
together
85.1%
together
85.1%
retha
84.5%
thing
83.3%
thing
83.3%
thing
83.3%
queen
83.1%
back
82.2%
way
82%
soul
81.8%
take
81.3%
take
81.3%
67
80%
remember
78.6%
slide
77.7%
slide
77.7%
along
76.8%
along
76.8%
make
76.6%
make
76.6%
make
76.6%
please
76.4%
i'm
76.4%
i'm
76.4%
just
76.4%
please
76.4%
old
76.1%
where
75.9%
Answer
% Correct
young
75.7%
tonight
75.5%
wonderful
75.5%
tonight
75.5%
wonderful
75.5%
tonight
75.5%
wonderful
75.5%
gold
75.2%
gold
75.2%
gold
75.2%
but
75%
nothing
74.3%
cuervo
74.3%
cuervo
74.3%
cuervo
74.3%
got
74.1%
from
73.9%
fine
73.6%
fine
73.6%
fine
73.6%
common
73%
growing
72.7%
am
71.4%
sweet
70.7%
boston
69.6%
dandy
69.4%
hell
66.9%
thinks
64%
things
63.5%
crazy
63.1%
columbian
61.9%
columbian
61.9%
columbian
61.9%
gamma
60.4%
times
59.7%
now
58.8%
chi
58.1%
hard
55.2%
willing
53.8%
sole
53.4%
little
52.9%
survivors
51.8%
scarsdale
49.8%
moved
47.1%
lower
46.2%
skate
42.6%
good
39.4%
it's
38.5%
sure
36.6%
looks
35.9%
fallen
21.6%
Quiz Playlist
Details
Report
Send in Message
Add To Playlist
Classic:
Type in answers that appear in a list
Last Updated: Sep 13, 2017
Quiz Scoreboard
CHALLENGE
Sign Up to Join the Scoreboard
Show All
Scores
Hide
Comments
May contain spoilers
Recently Published
Holiday 10x10 Sorting Gallery
by lukepisani3
Holiday
15m
Two Season TV Shows II
by 123Four
Television
10m
Image Sorting: Flags VI
by Barbecue
Geography
2m
More to Explore
Quiz From the Vault
Featured Blog Post
14 Easter Pick-up Lines to Find Eggs With
hide this ad
You Might Also Like...
Tags
Lyrics Quiz
Classic Rock
Rock Lyrics
Rock n Roll
Today's Top Quizzes in Music
Browse Music
hide this ad
Today's Top Quizzes in Lyrics
Browse Lyrics
Top Contributed Quizzes in Music
1
5X2 Blitz: Bands II
2
Taylor Swift All Songs (2024)
3
5X2 Blitz: The Beatles
4
5X2 Blitz: Billboard
5
Music Artist by Three 2010s hits
6
5X2 Blitz: Billboard II
7
5X2 Blitz: Album
8
5X2 Blitz: Rock
9
5X2 Blitz: Singers
10
5X2 Blitz: Lyrics
Explore More
Trending Topics
Disney
Crossword
Harry Potter
Kpop
Marvel
Anime
NBA
Song
The Office
NFL
WWE
Pokémon
Soccer
Puzzle
Country
hide this ad
More By:
pdbaird
Quiz
Plays
Rating
Category
Featured
Created
Fleetwood Mac 'Gold Dust Woman' Lyrics
840
4.00
Music
Feb 6, 2015
Pearl Jam 'Once' Lyrics
466
4.50
Music
Feb 6, 2015
'Hey Nineteen' Steely Dan Lyrics
444
3.75
Music
Dec 3, 2015
'Into the Great Wide Open' Lyrics - Tom Petty
309
4.33
Music
Dec 3, 2015
NBA Most Regular Season Points Scored 2010-Present
260
5.00
Sports
Mar 23, 2017
Go to Creator's Profile
Score Distribution
Quiz Creator Spotlight
pdbaird
Follow
Send a Message
Quizzes Created
-
Created Quiz Play Count
-
More By This Creator
Popular Quizzes Today
1
Find the US States - No Outlines Minefield
2
Colored Red Africa Blitz
3
Find the 'City' Movie
4
The Countries of the World
5
5x2 Blitz: Bands
6
Find the Countries of Europe - No Outlines Minefield
7
Find the US States
8
US States
More Music Quizzes
Band or Song? V
Published
Trending Quizzes
Colored Red Europe Blitz I
Colored Red Europe Blitz II
Colored Red Africa Blitz II
Even More Two Season TV Shows
Colored Red Africa Blitz III
Recently Updated
Odd Team Out - Big 4 Players
pecheneg
Quick Pick: 20 Twenties
pecheneg
March Madness Men's Triple Doubles
pecheneg
How Do You Spell That?
pecheneg
Godzilla Movies
pecheneg
Grab Bag: 4-10 Letters
pecheneg
2024 March Madness Bracket
pecheneg
Famous TV Couples
Peacemaker
Champions League XIs: Real Madrid
pecheneg
Largest US Cities 1790-2010
pecheneg
Trending Topics
Kpop
Marvel
Disney
Anime
Crossword
Harry Potter
NBA
Soccer
Puzzle
Pokémon
WWE
The Office
NFL
Country
Song
Your Account Isn't Verified!
In order to create a playlist on Sporcle, you need to verify the email address you used during registration. Go to your
Sporcle Settings
to finish the process.
Report this User
Report this user for behavior that violates our
Community Guidelines
.
Details:
Send Report
Go to the Sporcle.com Mobile Site →
Comments